Pays du Monde - version longue - Statistiques

Statistiques générales
  • Ce quiz a été pris 63 fois
  • Le résultat moyen est 24 sur 196
Réponses sur la Carte
Les réponses sont colorées sur une échelle allant du rouge au vert en fonction du pourcentage des utilisateurs qui les ont devinées à leur premier essai. Vous pouvez retrouver ces pourcentages ci-dessous.
 
Statistiques - réponses
Pays % Correct
Antigua-et-Barbuda
100%
Barbade
100%
Belize
100%
Grenade
100%
Hongrie
100%
Îles Salomon
100%
Jamaïque
100%
Mongolie
100%
Nouvelle-Zélande
100%
Roumanie
100%
Sainte-Lucie
100%
Saint-Vincent-et-les-Grenadines
100%
Tuvalu
100%
Ukraine
100%
Dominion du Canada
40%
États-Unis d'Amérique
27%
République française
25%
Commonwealth d'Australie
20%
République Démocratique du Congo
16%
Royaume d'Espagne
15%
République centrafricaine
13%
République Italienne
13%
Royaume du Maroc
13%
fédération des Émirats Arabes Unis
11%
Principauté de Monaco
11%
république d'Irlande
11%
République Dominicaine
11%
République du Congo
11%
République fédérale d'Allemagne
11%
République Tchèque
11%
Royaume des Pays-Bas
11%
État du Japon
9%
État indépendant de Papouasie-Nouvelle-Guinée
9%
Principauté d'Andorre
9%
République d'Autriche
9%
République de Chine
9%
République d'Islande
9%
Royaume de Belgique
9%
Royaume de Norvège
9%
Royaume de Suède
9%
Royaume du Danemark
9%
Confédération Suisse
7%
Émirat islamique d'Afghanistan
7%
État d'Israël
7%
États-Unis du Mexique
7%
république de Bosnie-Herzégovine
7%
République de Pologne
7%
République de Serbie
7%
République de Slovénie
7%
République du Turkménistan
7%
République du Yémen
7%
République islamique d'Iran
7%
République populaire de Chine
7%
République portugaise
7%
État indépendant des Samoa
5%
États fédérés de Micronésie
5%
Grand-Duché de Luxembourg
5%
République bolivarienne du Venezuela
5%
République d'Afrique du Sud
5%
République d'Albanie
5%
République d'Angola
5%
République d'Arménie
5%
République d'Azerbaïdjan
5%
République de Biélorussie
5%
République de Bulgarie
5%
République de Chypre
5%
République de Colombie
5%
République de Corée
5%
République de Côte d'Ivoire
5%
République de Croatie
5%
République de Cuba
5%
République de Finlande
5%
République de Géorgie
5%
République de Guinée
5%
République de Guinée-Bissau
5%
République de l'Équateur
5%
République de Lettonie
5%
République de Lituanie
5%
République de Macédoine du Nord
5%
République de Malte
5%
République démocratique fédérale d'Éthiopie
5%
République de Moldavie
5%
République de Namibie
5%
République de Saint-Marin
5%
République des Philippines
5%
République d'Estonie
5%
République de Turquie
5%
République d'Haïti
5%
République d'Indonésie
5%
République d'Irak
5%
République du Bénin
5%
République du Cameroun
5%
République du Chili
5%
République du Ghana
5%
République du Kazakhstan
5%
République du Kosovo
5%
République du Mali
5%
République du Monténégro
5%
République du Mozambique
5%
République du Nicaragua
5%
République du Niger
5%
République du Paraguay
5%
République du Pérou
5%
République du Sénégal
5%
République du Soudan
5%
République du Soudan du Sud
5%
République du Zimbabwe
5%
République fédérale de Somalie
5%
République fédérative du Brésil
5%
République populaire démocratique de Corée
5%
République slovaque
5%
République togolaise
5%
Royaume d'Arabie saoudite
5%
Royaume de Thaïlande
5%
Sultanat d'Oman
5%
État de la Cité du Vatican
4%
État de Libye
4%
État d'Érythrée
4%
État plurinational de Bolivie
4%
Fédération de Russie
4%
Principauté du Liechtenstein
4%
République arabe d'Égypte
4%
République arabe syrienne
4%
République argentine
4%
République coopérative du Guyana
4%
République de Gambie
4%
République de Guinée Équatoriale
4%
République de Kiribati
4%
République de Madagascar
4%
République démocratique fédérale du Népal
4%
République de Nauru
4%
République des Îles Marshall
4%
République de Singapour
4%
République des Maldives
4%
République des Palaos
4%
République des Seychelles
4%
République de Trinité-et-Tobago
4%
République de Tunisie
4%
République de Zambie
4%
République d'Ouganda
4%
République d'Ouzbékistan
4%
République du Botswana
4%
République du Burkina
4%
République du Burundi
4%
République du Cap-Vert
4%
République du Costa Rica
4%
République du Guatemala
4%
République du Honduras
4%
République du Kenya
4%
République du Liberia
4%
République du Malawi
4%
République du Panama
4%
République du Salvador
4%
République du Suriname
4%
République du Tadjikistan
4%
République du Tchad
4%
République du Vanuatu
4%
République gabonaise
4%
République hellénique
4%
République libanaise
4%
République rwandaise
4%
République socialiste du Viêt Nam
4%
Royaume des Tonga
4%
Royaume d'Eswatini
4%
Royaume du Bhoutan
4%
Royaume du Lesotho
4%
Royaume-Uni de Grande-Bretagne et d'Irlande du Nord
4%
Commonwealth des Bahamas
2%
État de Brunei Darussalam
2%
État du Qatar
2%
Fédération de Malaisie
2%
République algérienne démocratique et populaire
2%
République de Djibouti
2%
République de l'Inde
2%
République de Maurice
2%
République des Fidji
2%
République de Sierra Leone
2%
République islamique du Pakistan
2%
République orientale de l'Uruguay
2%
Royaume hachémite de Jordanie
2%
Commonwealth de la Dominique
0%
État du Koweït
0%
Fédération de Saint-Christophe- et-Niévès
0%
République démocratique de Sao Tomé-et-Principe
0%
République démocratique du Timor Oriental
0%
République démocratique populaire lao
0%
République fédérale du Nigeria
0%
République islamique de Mauritanie
0%
République kirghize
0%
République populaire du Bangladesh
0%
République socialiste démocratique de Sri Lanka
0%
République unie de Tanzanie
0%
Royaume de Bahreïn
0%
Royaume du Cambodge
0%
Union de Birmanie
0%
Union des Comores
0%
Aucun quiz correspondant
Distribution des résultats
% des personnes avec chaque résultat
Percentile par nombre de réponses
Votre historique - résultats
Vous n’avez pas pris ce quiz